Hauptstädte, die nicht die größten Städte ihres Landes sind - Statistiken

Allgemein
  • Dieses Quiz wurde 222 mal gespielt
  • Das Durchschnittsergebnis liegt bei 27 aus 37
Antwortstatistiken
Platz Hauptstadt Einwohnerzahl Größte Stadt Einwohnerzahl
Land
% Korrekt
1. Peking 18,57 Mio. Shanghai 20,87 Mio. China
99%
3. Ankara 5,27 Mio. Istanbul 14,8 Mio. Türkei
98%
4. Brasilia 2,87 Mio. Sao Paulo 12,07 Mio. Brasilien
98%
20. Canberra 0,43 Mio. Sydney 4,32 Mio. Australien
95%
17. Washington D.C. 0,67 Mio. New York City 8,49 Mio. Vereinigte Staaten
95%
27. Bern 0,14 Mio. Zürich 0,4 Mio. Schweiz
94%
23. Neu-Delhi 0,25 Mio. Mumbai 12,48 Mio. Indien
94%
2. Hanoi 6,45 Mio. Ho-Chi-Minh-Stadt 8,25 Mio. Vietnam
92%
13. Ottawa 0,88 Mio. Toronto 2,62 Mio. Kanada
92%
5. Taipeh 2,71 Mio. Neu-Taipeh 3,98 Mio. Taiwan
88%
26. Wellington 0,19 Mio. Auckland 1,42 Mio. Neuseeland
87%
19. Rabat 0,62 Mio. Casablanca 3,63 Mio. Marokko
86%
18. Abu Dhabi 0,62 Mio. Dubai 2,11 Mio. Vereinigte Arabische Emirate
85%
8. Damaskus 1,84 Mio. Aleppo 2,1 Mio. Syrien
85%
9. Manila 1,78 Mio. Quezon-City 2,94 Mio. Philippinen
85%
16. Islamabad 0,69 Mio. Karatschi 13,05 Mio. Pakistan
83%
35. Vaduz 0,01 Mio. Schaan 0,01 Mio. Liechtenstein
83%
15. Pretoria 0,74 Mio. Johannesburg 4,44 Mio. Südafrika
82%
14. Nur-Sultan 0,81 Mio. Almaty 1,7 Mio. Kasachstan
79%
7. Quito 2,24 Mio. Guayaquil 2,53 Mio. Ecuador
79%
36. San Marino 0,00 Mio. Serravalle 0,01 Mio. San Marino
79%
34. Valletta 0,01 Mio. Birkirkara 0,02 Mio. Malta
79%
12. Dakar 1,15 Mio. Pikine 1,17 Mio. Senegal
73%
24. Sucre 0,24 Mio. Santa Cruz de la Sierra 1,44 Mio. Bolivien
68%
10. Abuja 1,57 Mio. Lagos 10,4 Mio. Nigeria
66%
6. Khartum 2,68 Mio. Omdurman 2,81 Mio. Sudan
62%
21. Dodoma 0,41 Mio. Daressalam 4,35 Mio. Tansania
56%
32. Belmopan 0,02 Mio. Belize City 0,06 Mio. Belize
54%
30. Port of Spain 0,04 Mio. Chaguanas 0,08 Mio. Trinidad und Tobago
45%
25. Yamoussoukro 0,21 Mio. Abidjan 4,4 Mio. Elfenbeinküste
45%
11. Naypyidaw 1,16 Mio. Rangun 5,21 Mio. Myanmar
44%
31. Banjul 0,03 Mio. Brikama 0,08 Mio. Gambia
41%
29. Gitega 0,04 Mio. Bujumbura 0,5 Mio. Burundi
36%
28. Mbabane 0,08 Mio. Manzini 0,11 Mio. Eswatini
36%
22. Malabo 0,26 Mio. Bata 0,29 Mio. Äquatorialguinea
33%
33. Palikir 0,01 Mio. Weno 0,01 Mio. Mikronesien
29%
37. Ngerulmud 0,00 Mio. Koror 0,01 Mio. Palau
27%
Keine übereinstimmenden Quizze gefunden
Verteilung der Resultate
Anzahl Personen mit jedem Resultat
Perzentil nach korrekt beantworteten Fragen
Ihre Resultats-Entwicklung
Sie haben dieses Quiz noch nicht gespielt